Hartel, Guil. (Ed.), Ennodii, Magni Felicis, Opera omnia: [Rezension]

Saved in:  
Bibliographic Details
Main Author: Lipsius, Richard Adelbert 1830-1892 (Author)
Format: Print Review
Language:German
Check availability: HBZ Gateway
Interlibrary Loan:Interlibrary Loan for the Fachinformationsdienste (Specialized Information Services in Germany)
Published: 1883
In: Theologische Literaturzeitung
Year: 1883, Volume: 8, Issue: 4, Pages: 75-76
Review of:Opera omnia (Vindobonae : Gerold, 1882) (Lipsius, Richard Adelbert)
Further subjects:B Book review
Parallel Edition:Electronic

MARC

LEADER 00000caa a22000002c 4500
001 1476271860
003 DE-627
005 20240705204550.0
007 tu
008 140519s1883 xx ||||| o 00| ||ger c
035 |a (DE-627)1476271860 
035 |a (DE-576)406271860 
035 |a (DE-599)BSZ406271860 
040 |a DE-627  |b ger  |c DE-627  |e rakwb 
041 |a ger 
084 |a 1  |2 ssgn 
100 1 |0 (DE-588)11898926X  |0 (DE-627)134338790  |0 (DE-576)162007701  |4 aut  |a Lipsius, Richard Adelbert  |d 1830-1892 
109 |a Lipsius, Richard Adelbert 1830-1892  |a Lipsius, Richard Adalbert 1830-1892  |a Lipsius, Richard A. 1830-1892  |a Lipsius, R. A. 1830-1892  |a Lipsius, D. R. A. 1830-1892  |a Lipsius, R.A. 1830-1892  |a Lipsius, Ricardus Adelbertus 1830-1892  |a Lipsius, Richardus Adelbertus 1830-1892  |a Lipsius, D.R.A. 1830-1892 
245 1 0 |a Hartel, Guil. (Ed.), Ennodii, Magni Felicis, Opera omnia  |b [Rezension]  |c Rich. Adelb. Lipsius 
264 1 |c 1883 
336 |a Text  |b txt  |2 rdacontent 
337 |a ohne Hilfsmittel zu benutzen  |b n  |2 rdamedia 
338 |a Band  |b nc  |2 rdacarrier 
601 |a Opera omnia 
601 |a Rezension 
655 7 |a Rezension  |0 (DE-588)4049712-4  |0 (DE-627)106186019  |0 (DE-576)209083166  |2 gnd-content 
773 0 8 |i In  |t Theologische Literaturzeitung  |d Leipzig : Ev. Verl.-Anst., 1876  |g 8(1883), 4, Seite 75-76  |w (DE-627)129081191  |w (DE-600)3418-6  |w (DE-576)014414023  |x 0040-5671  |7 nnas 
773 1 8 |g volume:8  |g year:1883  |g number:4  |g pages:75-76 
776 0 8 |i Erscheint auch als  |n Online-Ausgabe  |a Lipsius, Richard Adelbert, 1830 - 1892  |t Hartel, Guil. (Ed.), Ennodii, Magni Felicis, Opera omnia  |d 1883  |w (DE-627)1521386811  |w (DE-576)451386817  |k Electronic 
787 0 8 |i Rezension von  |a Ennodius, Magnus Felix, 473 - 521  |t Opera omnia  |d Vindobonae : Gerold, 1882  |h LXXXX, 722 S.  |w (DE-627)1071300547  |w (DE-576)001300547 
935 |a mteo 
951 |a AR 
ELC |b 1 
ITA |a 1  |t 1 
LOK |0 000 xxxxxcx a22 zn 4500 
LOK |0 001 2797942752 
LOK |0 003 DE-627 
LOK |0 004 1476271860 
LOK |0 005 20140519123137 
LOK |0 008 140415||||||||||||||||ger||||||| 
LOK |0 035   |a (DE-21)45501 
LOK |0 040   |a DE-21  |c DE-627  |d DE-21 
LOK |0 852   |a DE-21 
LOK |0 852 1  |c Gd 114.4-8.1883  |9 00 
LOK |0 935   |a theo  |a ixrz 
LOK |0 939   |a 15-04-14  |b l01 
ORI |a SA-MARC-ixtheoa001.raw